| 000 | 00839pam a2200289 a 4500 | ||
|---|---|---|---|
| 001 | 3368677 | ||
| 003 | OSt | ||
| 005 | 20140310184349.0 | ||
| 008 | 870929s1988 nyua j 000 1 eng | ||
| 010 | _a 87027556 | ||
| 020 | _a0590981811 | ||
| 040 |
_aDLC _cDLC _dDLC |
||
| 042 | _alcac | ||
| 050 | 0 | 0 |
_aPZ 7 _b.G2933My 1959 |
| 100 | 1 |
_aGeorge, Jean Craighead, _d1919- _919010 |
|
| 245 | 1 | 0 |
_aMy side of the mountain / _cwritten and illustrated by Jean Craighead George. |
| 260 |
_aNew York : _bscholastic, _c1959. |
||
| 300 |
_a177 p. : _bill. ; _c21 cm. |
||
| 521 | _aG6 | ||
| 526 | _c810 | ||
| 650 | 1 |
_aSurvival _xFiction. _919011 |
|
| 650 | 1 |
_aSelf-reliance _xFiction. _919012 |
|
| 650 | 1 |
_aMountain life _xFiction. _919013 |
|
| 906 |
_a7 _bcbc _corignew _d1 _eocip _f19 _gy-gencatlg |
||
| 942 |
_2lcc _cBK-SCHOLAS |
||
| 999 |
_c33914 _d33914 |
||